00684nam a2200193Ia 4500008004100000020001800041082001500059100002000074245007100094250000800165260007000173300003100243500001900274600002000293650002000313942000700333952013300340999001700473240925s9999 xx 000 0 und d a9781259097195 a301.01 FAR aFarganis, James 0aReadings in Social Theory: the classic tradition to post-modernism a6th aNew Delhi:bMcGraw Hill Education (India) Private Limitedc,2011. aVarious pagesb0fOriginal aIncludes Index aSocial Sciences aSocial Sciences cBK 001040708SSaUITUbUITUd2019-01-20eAllied Book Companyg1237.60l0o301.01 FARpQ13953r2024-09-25 07:17:04w2024-09-25yBK c16452d16452